| 000 | 00999cab a2200301 4500 | ||
|---|---|---|---|
| 001 | L135952 | ||
| 005 | 20250804133801.0 | ||
| 008 | 061219q2006 000 0 eng eng d | ||
| 035 | _a(Sirsi) u135952 | ||
| 041 | 0 | _aeng | |
| 100 | 1 | _aStummer, Robin | |
| 245 | 0 | 0 | _aAll change? |
| 490 | 0 | _aCornerstone | |
| 520 | _aFocuses on historic architecture in a time of climate change, covering the latest research and shedding light on traditional know-how and new ways to adapt without destroying the past. Reviews recent updates in the law, and exposes environmental fears and fiction surrounding fine ancient materials. | ||
| 651 | 4 | _aUnited Kingdom | |
| 690 | _aBUILT ENVIRONMENT | ||
| 700 | 1 | _aRich, Geoff | |
| 700 | 1 | _aMay, Neil | |
| 700 | 1 | _aOxley, Richard | |
| 700 | 1 | _aCassar, May | |
| 700 | 1 | _aGilmour, Nigel | |
| 700 | 1 | _aBarbone, Carol | |
| 700 | 1 | _aLacey, Hester | |
| 700 | 1 | _aMarks, Naomi | |
| 700 | 1 | _aMitchell-Rose, Colin | |
| 700 | 1 | _aWood, Chris | |
| 942 |
_n0 _2ddc |
||
| 999 |
_c78075 _d78075 |
||